000 00966cam a2200253 i 4500
003 SA-RiAUC
005 20241116093624.0
008 241114s1999 su g 00000 ara c
040 _aSA-JeALM
_bara
_cSA-RiAUC
_erda
082 0 4 _a241
090 _a241
_bغ ص ن
100 1 _aالغصن، عبد الله بن صالح بن عبد العزيز
_eمؤلف.
245 1 0 _aأسماء الله الحسنى /
_cإعداد عبد الله بن صالح بن عبد العزيز الغصن.
250 _aالطبعة الثانية.
264 1 _aالرياض :
_bدار الوطن للنشر،
_c1999
300 _a407 صفحة ؛
_c24 سم
336 _aنص
_btxt
_2rdacontent
_3كتاب
337 _aبدون وسيط
_bn
_2rdamedia
338 _aمجلد
_bnc
_2rdacarrier
500 _aأصل الكتاب أطروحة ماجستير.
650 7 _aالأسماء الحسنى
_2aucsh
942 _2ddc
_cBOOK
_n0
949 _aSA-JeALM
_d241114
_umohamedma123
_n1
999 _c2393
_d2393